000 00435nam a2200157Ia 4500
008 230917s9999||||xx |||||||||||||| ||und||
040 _e203966
_aMAIN
041 _aEnglish
082 _a624.1762 C455D(3)
100 _aChopra, Anil K
245 0 _aDynamics of structures: Theory and applications to eartuquake engineering
250 _a3rd ed.
260 _aNew Delhi
_bPearson Education
_c2012
300 _a896 p.
942 _cBK
999 _c174266
_d174266